000 00917nam a2200217 a 4500
001 BRCA_2085
005 20190320203648.0
008 080808s1990----mx-a---###---#000-0#spa-#
050 4 _aF1391.P8
_b.L43 12
_c1990
100 1 _aCruz, Sor Juana Inés de la
_96333
245 1 0 _aVillancicos que se cantaron en la S.I. Catedral de la Puebla de los Angeles, en los maitines solemnes del nacimiento de nuestro señor Jesucristo, este año de 1689
_cSor Juana Inés de la Cruz.
250 _a2
260 _aPuebla, México
_bGobierno del Estado de Puebla : Secretaría de Cultura : Comisión Puebla V Centenario
_c1990
300 _a30 p.
_bil.
_c21 cm.
440 0 _aLecturas Históricas de Puebla
_n12
_96334
651 4 _aPuebla (México)
_xHistoria
_9409
651 4 _aPuebla (México)
_xVida social y costumbres
_9408
651 4 _aPuebla (México)
_xVillancicos
_y1689
_96335
653 0 _aVida cotidiana
942 _2lcc
_cB
999 _c1842
_d1842